Eastern Utah Libraries Catalog: Duchesne, Heber, Roosevelt, & Vernal

A time to die / (Record no. 306381)

MARC details
000 -LEADER
fixed length control field 01968nam a2200385 i 4500
001 - CONTROL NUMBER
control field 2762205
005 - DATE AND TIME OF LATEST TRANSACTION
control field 20220429143526.0
008 - FIXED-LENGTH DATA ELEMENTS--GENERAL INFORMATION
fixed length control field 161004s2016 nyu 000 1 eng d
020 ## - INTERNATIONAL STANDARD BOOK NUMBER
International Standard Book Number 9780451473998 :
Terms of availability $9.99
020 ## - INTERNATIONAL STANDARD BOOK NUMBER
International Standard Book Number 045147399X :
Terms of availability $9.99
035 ## - SYSTEM CONTROL NUMBER
System control number (OCoLC)929584962
035 ## - SYSTEM CONTROL NUMBER
System control number (OCoLC)ocn929584962
035 ## - SYSTEM CONTROL NUMBER
System control number 2712676
040 ## - CATALOGING SOURCE
Original cataloging agency PABRO
Language of cataloging eng
Transcribing agency PABRO
Description conventions rda
049 ## - LOCAL HOLDINGS (OCLC)
Holding library IGAA
050 #4 - LIBRARY OF CONGRESS CALL NUMBER
Classification number PR6073.O6149
Item number T56 2016
082 04 - DEWEY DECIMAL CLASSIFICATION NUMBER
Classification number 823/.914
Edition number 23
092 ## - LOCALLY ASSIGNED DEWEY CALL NUMBER (OCLC)
Classification number F
999 ## - SYSTEM CONTROL NUMBERS (KOHA)
Koha Dewey Subclass [OBSOLETE] F
100 1# - MAIN ENTRY--PERSONAL NAME
Personal name Wood, Tom,
Dates associated with a name 1978-
Relator term author.
9 (RLIN) 5704075
245 12 - TITLE STATEMENT
Title A time to die /
Statement of responsibility, etc Tom Wood.
264 #1 - Production, Publication, Distribution, Manufacture, and Copyright Notice.
Place of production, publication, distribution, manufacture New York, New York :
Name of producer, publisher, distributor, manufacturer A Signet Select Book,
Date of production, publication, distribution, manufacture, or copyr [2016]
300 ## - PHYSICAL DESCRIPTION
Extent 469 pages ;
Dimensions 19 cm
336 ## - Content Type
Content type term text
337 ## - Media type
Media type term unmediated
338 ## - Carrier type
Carrier type term volume
520 ## - SUMMARY, ETC.
Summary, etc It takes a bad man to hunt evil. If the assassin known only as Victor once had a moral compass, it is long since buried, along with his many victims. Yet some men are so evil even Victor accepts they must die for reasons other than just money. One such is Milan Rados, a former commander in the Serbian army who has escaped trial at The Hague to become a formidable criminal power. Tracking down and killing this brutal man will win Victor a reprieve for his own recent crimes on British soil. But Victor isn't the only one who wants Rados dead. Ana, whose family was butchered on the tyrant's orders, will do anything to see Rados' blood spilled on the snow of Eastern Europe. Now Victor has an unlikely ally - but an army stands between them and justice.
650 #0 - SUBJECT ADDED ENTRY--TOPICAL TERM
Topical term or geographic name as entry element Murder
General subdivision Investigation
Form subdivision Fiction.
9 (RLIN) 5673630
650 #0 - SUBJECT ADDED ENTRY--TOPICAL TERM
Topical term or geographic name as entry element Intelligence officers
Form subdivision Fiction.
9 (RLIN) 5674266
650 #0 - SUBJECT ADDED ENTRY--TOPICAL TERM
Topical term or geographic name as entry element Assassins
Form subdivision Fiction.
9 (RLIN) 5674246
650 #7 - SUBJECT ADDED ENTRY--TOPICAL TERM
Topical term or geographic name as entry element FICTION / Thrillers / Crime
Source of heading or term bisacsh
9 (RLIN) 5718921
650 #7 - SUBJECT ADDED ENTRY--TOPICAL TERM
Topical term or geographic name as entry element FICTION / Thrillers / Espionage
Source of heading or term bisacsh
9 (RLIN) 5729857
787 0# - NONSPECIFIC RELATIONSHIP ENTRY
Note OCLC Work Id
Other item identifier http://worldcat.org/entity/work/id/2800007578
942 ## - ADDED ENTRY ELEMENTS (KOHA)
Source of classification or shelving scheme Dewey Decimal Classification
Koha item type BOOK
Holdings
Withdrawn status Lost status Source of classification or shelving scheme Damaged status Not for loan Collection code Home library Current library Shelving location Date acquired Source of acquisition Cost, normal purchase price Total Checkouts Full call number Barcode Date last seen Date checked out Cost, replacement price Price effective from Koha item type
    Dewey Decimal Classification     Fiction Wasatch County Library Wasatch County Library First Floor 02/21/2018 Donation 9.99 1 F Wood 34301001606104 02/16/2024 09/27/2021 9.99 03/20/2020 BOOK
This project was made possible through a grant from the Institute of Museum and Library Service administered by the Utah State Library Division.

Wasatch County Library

  • 465 East 1200 South, Heber City, Utah 84032
  • Phone 435-654-1511 | Fax 435-654-6456

Hours

  • Monday - Friday 9:30 AM - 8:00 PM
  • Saturday 9:30 AM - 1:30 PM
  • Closed Sundays and Holidays